| 000 | 00510nam a22001937a 4500 | ||
|---|---|---|---|
| 003 | CEME | ||
| 005 | 20210628205554.0 | ||
| 008 | 210308b xxu||||| |||| 00| 0 eng d | ||
| 020 | _a1-85617-322-4 | ||
| 040 | _c. | ||
| 082 | _a660.284245 DIC'F | ||
| 100 |
_aDickenson, T. Chrisrtopher _976075 |
||
| 245 | _aFilters and filtration handbook | ||
| 250 | _a4TH | ||
| 260 |
_aLONDON _bELSEVIER EDWARD _c1997 |
||
| 300 | _a1079P | ||
| 650 |
_aFILTERS AND FILTRATION-HANDBOOK MANUALS _976076 |
||
| 942 |
_cBK _2ddc |
||
| 999 |
_c581503 _d581503 |
||